BUSINESS COMMUNICATION (Record no. 21037)

MARC details
000 -LEADER
fixed length control field 00289nam a22001337a 4500
003 - CONTROL NUMBER IDENTIFIER
control field SGT
020 ## - INTERNATIONAL STANDARD BOOK NUMBER
International Standard Book Number 81-8204-061-2
082 ## - DEWEY DECIMAL CLASSIFICATION NUMBER
Classification number 651.3
Item number SIN
100 ## - MAIN ENTRY--PERSONAL NAME
Personal name SINGH, DR. S.K.
245 ## - TITLE STATEMENT
Title BUSINESS COMMUNICATION
260 ## - PUBLICATION, DISTRIBUTION, ETC. (IMPRINT)
Place of publication, distribution, etc DELHI
Name of publisher, distributor, etc AMAN PUB.
Year of Publication 2010
300 ## - PAGE DESCRIPTION
No. of Pages 296
942 ## - ADDED ENTRY ELEMENTS (KOHA)
Source of classification or shelving scheme Dewey Decimal Classification
Koha item type Books
942 ## - ADDED ENTRY ELEMENTS (KOHA)
-- 1
Holdings
Withdrawn status Lost status Source of classification or shelving scheme Damaged status Not for loan Collection code Home library Current library Shelving location Date acquired Vendor Name Cost, normal purchase price SGTU Bill Number Total Checkouts Full call number Accession No. (Barcode) Date last seen Bill Date Koha item type Date last borrowed
    Dewey Decimal Classification     HOTEL MANAGEMENT SGT Science & Social Sciences Library SGT Science & Social Sciences Library Text Book 22/04/2021 JINDAL 650.00 SGTU 2230   651.3 SIN HM1071 22/04/2021 24/03/2021 Books  
    Dewey Decimal Classification     HOTEL MANAGEMENT SGT Science & Social Sciences Library SGT Science & Social Sciences Library Text Book 22/04/2021 JINDAL 650.00 SGTU 2230   651.3 SIN HM1072 22/04/2021 24/03/2021 Books  
    Dewey Decimal Classification     HOTEL MANAGEMENT SGT Science & Social Sciences Library SGT Science & Social Sciences Library Text Book 22/04/2021 JINDAL 650.00 SGTU 2230   651.3 SIN HM1073 22/04/2021 24/03/2021 Books  
    Dewey Decimal Classification     HOTEL MANAGEMENT SGT Science & Social Sciences Library SGT Science & Social Sciences Library Text Book 22/04/2021 JINDAL 650.00 SGTU 2230   651.3 SIN HM1074 22/04/2021 24/03/2021 Books  
    Dewey Decimal Classification     HOTEL MANAGEMENT SGT Science & Social Sciences Library SGT Science & Social Sciences Library Text Book 22/04/2021 JINDAL 650.00 SGTU 2230 1 651.3 SIN HM1075 19/10/2023 24/03/2021 Books 18/10/2023